46 West Grab Bag III - Statistics

General Stats
  • This quiz has been taken 9 times
  • The average score is 10 of 20
Answer Stats
Question Answer % Correct
Who directed Titanic, Avatar, and The Terminator? James Cameron
83%
Which movie features the quote: "What’s the matter, dog? You embarrassed? This guy’s a gangster? His real name’s Clarence!"? 8 Mile
67%
Who was the first player to rush for over 2,000 yards in a single season? O.J. Simpson
67%
Which player has won the most MVP awards in NFL history? Peyton Manning
67%
Who won the 2015 NBA MVP award? Stephen Curry
67%
Which bowl game is nicknamed "The Granddaddy of Them All"? The Rose Bowl
67%
Which college did Paul George attend? Fresno State
50%
Which movie features the quote: "Strength and honor." Gladiator
50%
Which NBA player won Rookie of the Year in 2020? Ja Morant
50%
Who played Rachel Zane on the legal drama Suits? Meghan Markle
50%
Which team did the Denver Nuggets defeat in the 2023 NBA Finals? Miami Heat
50%
Which movie features the quote: "Dum-dum, give me gum-gum!" Night at the Museum
50%
Which actress starred in The Notebook, Mean Girls, and Wedding Crashers? Rachel McAdams
50%
Which movie features the quote: "I'm bad, and that's good. I will never be good, and that's not bad. There's no one I’d rather be than me." Wreck-it Ralph
50%
Who was the No. 1 overall pick in the 2019 NBA Draft? Zion Williamson
50%
Which movie features the quote: "They left without me. They do this every year!" Ice Age
33%
​What is the title of Morgan Wallen's debut album released in 2018? If I Know Me
33%
In OBX, what is the name of the treasure the Pogues are searching for in Season 1? The Royal Merchant
33%
Who was the first sophomore to win the Heisman Trophy? Tim Tebow
33%
In OBX, who does Sarah Cameron date before John B? Topper
33%
No matching quizzes found
Score Distribution
Percent of People with Each Score
Percentile by Number Answered
Your Score History
You have not taken this quiz